Tv Show by character #1 - Statistics

General Stats
  • This quiz has been taken 18 times
  • The average score is 6 of 10
Answer Stats
Picture Answer % Correct
Peppa pig
93%
SpongeBob Squarepants
93%
Family guy
80%
The simpsons
80%
South park
73%
Bob's burgers
53%
Rick and morty
47%
Ben 10
33%
Teen titans go
33%
The amazing world of gumball
20%
No matching quizzes found
Score Distribution
Percent of People with Each Score
Percentile by Number Answered
Your Score History
You have not taken this quiz